Normal view MARC view
  • DONOVAN,J.JOHN

Entry Personal Name

Number of records used in: 1

001 - CONTROL NUMBER

  • control field: 133663

003 - CONTROL NUMBER IDENTIFIER

  • control field: NUST

005 - DATE AND TIME OF LATEST TRANSACTION

  • control field: 20260311205945.0

008 - FIXED-LENGTH DATA ELEMENTS

  • fixed length control field: 260311|| aca||aabn | a|a d

040 ## - CATALOGING SOURCE

  • Original cataloging agency: NUST
  • Transcribing agency: NUST

100 ## - HEADING--PERSONAL NAME

  • Personal name: DONOVAN,J.JOHN

670 ## - SOURCE DATA FOUND

  • Source citation: Work cat.: (NUST): DONOVAN,J.JOHN., CRISIS IN TECHNOLOGY /
© 2023 Central Library, National University of Sciences and Technology. All Rights Reserved.